Democracia, crise e reforma : (Record no. 8195)

MARC details
000 -LEADER
campo de control de longitud fija 03474cam a22004454a 4500
001 - NÚMERO DE CONTROL
campo de control 110669
003 - IDENTIFICADOR DE NÚMERO DE CONTROL
campo de control BJBSDDR
005 - FECHA Y HORA DE LA ÚLTIMA TRANSACCIÓN
campo de control 20240517110402.0
006 - CÓDIGOS DE INFORMACIÓN DE LONGITUD FIJA--CARACTERÍSTICAS DEL MATERIAL ADICIONAL
campo de control de longitud fija a|||||r|||| 00| 0
007 - CAMPO FIJO DE DESCRIPCIÓN FÍSICA--INFORMACIÓN GENERAL
campo de control de longitud fija ta
008 - DATOS DE LONGITUD FIJA--INFORMACIÓN GENERAL
campo de control de longitud fija 101201s2010 bl a b 000 0 por c
010 ## - NÚMERO DE CONTROL DE LA BIBLIOTECA DEL CONGRESO
Número de control de LC 2010355017
020 ## - NÚMERO INTERNACIONAL ESTÁNDAR DEL LIBRO
Número Internacional Estándar del Libro 9788577531080
020 ## - NÚMERO INTERNACIONAL ESTÁNDAR DEL LIBRO
Número Internacional Estándar del Libro 8577531082
035 ## - NÚMERO DE CONTROL DEL SISTEMA
Número de control de sistema (OCoLC)ocn663975848
040 ## - FUENTE DE CATALOGACIÓN
Centro catalogador/agencia de origen MNU
Centro/agencia transcriptor MNU
Centro/agencia modificador BLBSF
-- DLC
Lengua de catalogación eng
041 ## - CÓDIGO DE IDIOMA
Código de lengua del texto/banda sonora o título independiente por
042 ## - CÓDIGO DE AUTENTICACIÓN
Código de autenticación pcc
-- lcode
043 ## - CÓDIGO DE ÁREA GEOGRÁFICA
Código de área geográfica s-bl---
050 14 - SIGNATURA TOPOGRÁFICA DE LA BIBLIOTECA DEL CONGRESO
Número de clasificación 103 F 2538.3
Número de ítem D383 2010
082 00 - NÚMERO DE LA CLASIFICACIÓN DECIMAL DEWEY
Número de clasificación 320.981
245 00 - MENCIÓN DEL TÍTULO
Título Democracia, crise e reforma :
Resto del título estudos sobre a era Fernando Henrique Cardoso /
Mención de responsabilidad, etc. organizadores, Maria Angela D'Incao e Herminio Martins.
246 30 - FORMA VARIANTE DEL TITULO
Título propio/Titulo breve Estudos sobre a era Fernando Henrique Cardoso
260 ## - PUBLICACIÓN, DISTRIBUCIÓN, ETC.
Lugar de publicación, distribución, etc. Sáo Paulo, SP :
Nombre del editor, distribuidor, etc. Paz e Terra,
Fecha de publicación, distribución, etc. 2010.
300 ## - DESCRIPCIÓN FÍSICA
Extensión 523 pages :
Otras características físicas illustrations ;
Dimensiones 24 cm.
504 ## - NOTA DE BIBLIOGRAFÍA, ETC.
Nota de bibliografía, etc. Includes bibliographical references.
505 0# - NOTA DE CONTENIDO CON FORMATO
Nota de contenido con formato O sociólogo e o político : entrevista com Fernando Henrique Cardoso / Bernardo Sorj e Sérgio Fausto -- FHC : o intelectual como político / Celso Lafer -- A dependãencia da política : Fernando Henrique Cardoso e a sociologia no Brasil / Afrãanio-Raul Garcia Jr. -- Como um intelectual se fez presidente / Bolívar Lamounier -- O Real como revoluçao brasileira : um ensaio sobre as intimidades da hierarquia com o dragäao de inflaçáo / Roberto Da Matta -- A ilusáo da estabilidade : a economia brasileira no governo FHC / Edmund Amann e Werner Baer -- Os primeiros passos da reforma gerencial do Estado de 1995 / Luiz Carlos Bresser-Pereira -- O fortalecimento do terceiro setor no governo FHC / Simone de Castro Tavares Coelho -- Uma crãonica da assistãencia social no governo FHC / Carlos Alberto Batista Maciel e Edval Bernardino Campos -- Da sociologia do racismo áas polâiticas antirracistas : nexos difâiceis / Sérgio Costa -- A educaçáo nos anos de FHC / Cláudio de Moura Castro -- FHC e a Amazãonia : o último sertáo / Lâucio Flávio Pinto -- O indigenismo brasileiro e os anos FHC / Ricardo Verdum -- Os movimentos sociais no Brasil a partir dos anos 1990 / Maria da Glória Gohn -- A segurança pública no governo FHC / Arthur Trindade -- O Ministâerio da Defesa e a saga do Partido Fardado / Oliveiros S. Ferreira -- O governo Fernando Henrique Cardoso e os Direitos Humanos / Paulo Sérgio Pinheiro -- Lembrem-se de tudo que escrevi : o impacto de Fernando Henrique Cardoso sobre as ciãencias sociais / Ted Goertzel -- Fernando Henrique Cardoso : a Astutia Fortunata do presidente-sociólogo do Brasil / Laurence Whitehead -- Compreendendo o Brasil a partir de FHC : uma perspectiva do Japáo e implicaçaés para as economias asiáticas em crescimento / Kotaro Horisaka e Akiko Koyasu -- Cardoso e o mundo / Andrew Hurrell -- A emergãencia do possibilismo no Brasil do tucano Cardoso ao Lula light / Javier Santiso.
600 10 - PUNTO DE ACCESO ADICIONAL DE MATERIA--NOMBRE DE PERSONA
Nombre de persona Cardoso, Fernando Henrique.
650 #4 - PUNTO DE ACCESO ADICIONAL DE MATERIA--TÉRMINO DE MATERIA
Término de materia o nombre geográfico como elemento de entrada Democracia
Subdivisión geográfica Brasil
9 (RLIN) 409
650 #0 - PUNTO DE ACCESO ADICIONAL DE MATERIA--TÉRMINO DE MATERIA
Término de materia o nombre geográfico como elemento de entrada Democracy
Subdivisión geográfica Brazil.
651 #4 - PUNTO DE ACCESO ADICIONAL DE MATERIA--NOMBRE GEOGRÁFICO
Nombre geográfico Brasil
Subdivisión general Política y gobierno
Subdivisión cronológica 1985-2002
9 (RLIN) 3351
651 #4 - PUNTO DE ACCESO ADICIONAL DE MATERIA--NOMBRE GEOGRÁFICO
Nombre geográfico Brasil
Subdivisión general Condiciones económicas
Subdivisión cronológica 1985
9 (RLIN) 3348
651 #4 - PUNTO DE ACCESO ADICIONAL DE MATERIA--NOMBRE GEOGRÁFICO
Nombre geográfico Brasil
Subdivisión general Condiciones sociales
Subdivisión cronológica 1985
9 (RLIN) 3349
651 #0 - PUNTO DE ACCESO ADICIONAL DE MATERIA--NOMBRE GEOGRÁFICO
Nombre geográfico Brazil
Subdivisión general Politics and government
Subdivisión cronológica 1985-2002.
651 #0 - PUNTO DE ACCESO ADICIONAL DE MATERIA--NOMBRE GEOGRÁFICO
Nombre geográfico Brazil
Subdivisión general Economic conditions
Subdivisión cronológica 1985-
651 #0 - PUNTO DE ACCESO ADICIONAL DE MATERIA--NOMBRE GEOGRÁFICO
Nombre geográfico Brazil
Subdivisión general Social conditions
Subdivisión cronológica 1985-
700 1# - ENTRADA AGREGADA--NOMBRE PERSONAL
Nombre de persona D'Incao, Maria Angela
9 (RLIN) 35984
Término indicativo de función/relación organizer
700 1# - ENTRADA AGREGADA--NOMBRE PERSONAL
Nombre de persona Martins, Herminio,
Fechas asociadas al nombre 1934-2015
9 (RLIN) 35985
Término indicativo de función/relación organizer
942 ## - ELEMENTOS DE ENTRADA SECUNDARIOS (KOHA)
Fuente del sistema de clasificación o colocación Clasificación de Library of Congress
Tipo de ítem Koha Libro
Holdings
Estatus retirado Estado de pérdida Fuente del sistema de clasificación o colocación Estado de daño No para préstamo Colección Biblioteca de origen Biblioteca actual Ubicación en estantería Fecha de adquisición Serial enumeration / chronology Total checkouts Signatura topográfica completa Código de barras Visto por última vez Precio de reemplazo Tipo de ítem Koha Copia número
    Clasificación de Library of Congress     Recursos Regionales Biblioteca Juan Bosch Biblioteca Juan Bosch Recursos Regionales (2do. Piso) 04/04/2023 3   F2538.3 00000108466 23/10/2018 23/10/2018 Libro  
    Clasificación de Library of Congress     Recursos Regionales Biblioteca Juan Bosch Biblioteca Juan Bosch Recursos Regionales (2do. Piso) 04/04/2023     103 F 2538.3 D383 2010 00000104495 23/10/2018 23/10/2018 Libro 1